| 000 | 00468nmm a22001697a 4500 | ||
|---|---|---|---|
| 005 | 20170209153553.0 | ||
| 008 | 150728b xxu||||| |||| 00| 0 spa d | ||
| 041 | _aEspañol | ||
| 082 | _aMD 68 | ||
| 100 |
_aHernández Araya, Andrés _93944 |
||
| 245 | _aInforme de Práctica supervisada realizado en Laboratorio Dentalab | ||
| 260 | _c2012 | ||
| 650 |
_aCOSTA RICA _939074 |
||
| 650 |
_aMECÁNICA DENTAL _939075 |
||
| 650 |
_aPROTESIS REMOVIBLE _93946 |
||
| 942 | _cIP | ||
| 999 |
_c6740 _d6740 |
||